| 000 | 00470nam a2200157 i 4500 | ||
|---|---|---|---|
| 001 | bg | ||
| 100 | 1 | _aOSTROWSKI, Roman | |
| 245 | 0 |
_aWykrywanie wad powierzchniowych metodami penetracyjnymi / _cRoman Ostrowski, Czesław Bigda, Ludmiła Bigda. |
|
| 260 |
_aWarszawa : _bWydawnictwa Naukowo-Techniczne, _c1972. |
||
| 700 | 1 | _aBIGDA, Czesław | |
| 700 | 1 | _aBIGDA, Ludmiła | |
| 040 | _cBPK | ||
| 041 | _apol | ||
| 942 | _cKS | ||
| 008 | s pl f |000 0 pol | ||
| 999 |
_c25935 _d25935 |
||
| 856 |
_uhttp://koha.tu.koszalin.pl/cgi-bin/koha/opac-detail.pl?biblionumber=25935 _yKatalog online BPK |
||